LEADER 00976cam0 2200265 450 001 E600200068223 005 20200504081454.0 100 $a20101102d1988 |||||ita|0103 ba 101 $aita 102 $aIT 200 1 $a<>pensiero post-filosofico$epercorsi e figure della nuova teoresi americana con un'antologia di testi inediti in Italia$fGiovanna Borradori 210 $aMilano$cJaca Book$d1988 215 $a364 p.$d23 cm 225 2 $aEdizioni universitarie Jaca$v47 410 1$1001LAEC00015463$12001 $a*Edizioni universitarie Jaca$v47 700 1$aBorradori$b, Giovanna$3A600200063056$4070$0263353 801 0$aIT$bUNISOB$c20200504$gRICA 850 $aUNISOB 852 $aUNISOB$j100$m53380 912 $aE600200068223 940 $aM 102 Monografia moderna SBN 941 $aM 957 $a100$b004563$gSi$d53380$racquisto$1massimo$2UNISOB$3UNISOB$420101102134521.0$520200504081428.0$6Spinosa 996 $aPensiero post-filosofico$9868305 997 $aUNISOB LEADER 01110cam0 22002773 450 001 SON0003481 005 20220524125841.0 010 $a88-243-0884-8 100 $a20010108d1991 |||||ita|0103 ba 101 $aita 102 $aIT 200 1 $aLineamenti del nuovo processo penale$e, la cosa giudicata, la esecuzione, rapporti giurisdizionali con le autorita straniere$fNicola Carulli ... [et ali.]$gappendice di aggiornamento a cura di Alfonso Furgiuele 210 $aNapoli$cJovene$d1991 215 $aXIII, 316 p.$d24 cm. 702 1$aCARULLI, Nicola$3AF00019369$4070 801 0$aIT$bUNISOB$c20220524$gRICA 850 $aUNISOB 852 $aUNISOB$j340$m74823 852 $aUNISOB$j340$m74999 912 $aSON0003481 940 $aM 102 Monografia moderna SBN 941 $aM 957 $a340$b000650$gSI$d74823$rACQUISTO$p40.000$1rovito$2UNISOB$3UNISOB$420220524125808.0$520220524125819.0$6rovito 957 $a340$b000654$gSI$d74999$rACQUISTO$p40.000$1rovito$2UNISOB$3UNISOB$420220524125824.0$520220524125837.0$6rovito 996 $aLineamenti del nuovo processo penale$9574612 997 $aUNISOB